000 00318 a2200133 4500
001 92089
082 _a891.4393 TAR
090 _c44049
_d44048
100 _aMustansar Hussain Tarar
245 _aQila Jangi
260 _aLahore
_bSang e Meel Publications
_c2008
300 _a216p.
_bHb
500 _aGeneral Book
942 _aCAE NUST
_k891.4393 TAR
999 _c327162
_d327162